|
|
|
|
| LEADER |
00000ny a22000003n 4500 |
| 005 |
20110621124823.0 |
| 008 |
071017c2010 cl mr pss 0 a0spa d |
| 022 |
|
|
|a 9789568541842
|
| 035 |
|
|
|a 5285
|
| 040 |
|
|
|a BUS
|d vlex
|
| 090 |
|
|
|c 1264
|d 1264
|
| 245 |
0 |
0 |
|a Responsabilidad extracontractual
|h [Recurso electrn̤ico]
|c Ral︢ Tavolari Oliveros (Director)
|
| 256 |
|
|
|a Servicio en ln̕ea
|
| 260 |
|
|
|a Chile :
|b Jurd̕ica de Chile,
|c 2009
|
| 506 |
1 |
|
|a Contenido solo disponible en los productos indicados
|d vLex Global
|d vLex Global (Academic Edition, excluding Law Schools)
|d vLex Global (U.S. Academic Edition, Law Schools)
|d vLex Global (U.S. Academic Edition, excluding Law Schools)
|d vLex Global (Academic Edition, Law Schools)
|
| 650 |
0 |
4 |
|a Contratos
|
| 700 |
1 |
|
|a Tavolari Oliveros, Ral︢
|
| 740 |
0 |
|
|a vLex Libros (Servicios en ln̕ea)
|
| 856 |
4 |
0 |
|z Acceso restringido
|u http://vlex.com/source/5285
|
| 942 |
|
|
|c BOOK
|